[Event "Barcelona op"]
[Site "Barcelona"]
[Date "2001.??.??"]
[Round "7"]
[White "Burgos Garbin, Francesco"]
[Black "Vigo Allepuz, David"]
[Result "1/2-1/2"]
[WhiteElo "2078"]
[BlackElo "2047"]
[PlyCount "54"]
[EventDate "2001.??.??"]
[EventType "swiss"]
[EventRounds "7"]
[EventCountry "ESP"]
[SourceTitle "EXT 2002"]
[Source "ChessBase"]
[SourceDate "2001.11.25"]
[SourceVersion "1"]
[SourceVersionDate "2001.11.25"]
[SourceQuality "1"]

1. d4 Nf6 2. c4 g6 3. Nc3 d5 4. Nf3 Bg7 5. Qb3 c6 6. cxd5 Nxd5 7. e3 0-0 8. Bc4 Nxc3 9. bxc3 Nd7 10. 0-0 Nb6 11. Bd3 Bg4 12. Be2 Qc7 13. Ba3 Bf5 14. Bc5 Nc8 15. Nd2 b6 16. Ba3 Nd6 17. Bf3 Rac8 18. Rac1 Nb5 19. Bb2 Rfe8 20. c4 Nd6 21. e4 Bd7 22. c5 bxc5 23. Rxc5 Rb8 24. Qc2 Nb7 25. Rc4 Nd6 26. Rc5 Nb7 27. Rc4 Nd6 1/2-1/2

[Event "Catalunya-ch"]
[Site "Barcelona"]
[Date "2000.??.??"]
[Round "6"]
[White "Gonzalez Velez, Fermin"]
[Black "Burgos Garbin, Francesco"]
[Result "1-0"]
[WhiteElo "2338"]
[BlackElo "2070"]
[PlyCount "53"]
[EventDate "2000.??.??"]
[EventType "swiss"]
[EventRounds "9"]
[EventCountry "ESP"]
[SourceTitle "EXT 2001"]
[Source "ChessBase"]
[SourceDate "2000.11.22"]
[SourceVersion "1"]
[SourceVersionDate "2000.11.22"]
[SourceQuality "1"]

1. d4 Nf6 2. Bg5 e6 3. e4 h6 4. Bxf6 Qxf6 5. Nc3 d6 6. h4 e5 7. Qd2 c6 8. d5 Nd7 9. g3 a5 10. 0-0-0 Qd8 11. f4 Be7 12. Nf3 0-0 13. fxe5 dxe5 14. d6 Bf6 15. g4 Nc5 16. g5 Bg4 17. gxf6 Bxf3 18. fxg7 Kxg7 19. Bh3 Bh5 20. Qe3 Bxd1 21. Rg1+ Bg4 22. Rxg4+ Kh7 23. Qxc5 Qf6 24. Rg1 Qf4+ 25. Kb1 f6 26. d7 Rf7 27. Be6 1-0

[Event "Catalunya Club op"]
[Site "Spain"]
[Date "1999.??.??"]
[Round "?"]
[White "Burgos Garbin, Francesco"]
[Black "Gonzalez Garcia, Marc"]
[Result "1-0"]
[WhiteElo "2185"]
[BlackElo "2075"]
[PlyCount "123"]
[EventDate "1999.??.??"]
[EventType "swiss"]
[EventRounds "9"]
[EventCountry "ESP"]
[SourceTitle "EXT 2000"]
[Source "ChessBase"]
[SourceDate "1999.11.16"]
[SourceVersion "1"]
[SourceVersionDate "1999.11.16"]
[SourceQuality "1"]

1. e4 Nc6 2. Nf3 Nf6 3. e5 Nd5 4. d4 d6 5. c4 Nb6 6. exd6 exd6 7. Be2 Be7 8. 0-0 0-0 9. h3 Bf5 10. Nc3 Bf6 11. Be3 h6 12. d5 Na5 13. Bxb6 Bxc3 14. Bd4 Bxd4 15. Nxd4 Bd7 16. b4 Nxc4 17. Bxc4 Qh4 18. Be2 Rae8 19. Bg4 f5 20. Bf3 Rf6 21. Ne6 Bxe6 22. dxe6 g5 23. Bxb7 g4 24. hxg4 fxg4 25. Qd3 Kf8 26. Qg3 Qg5 27. Rae1 Re7 28. f3 c5 29. fxg4 Rxf1+ 30. Rxf1+ Kg8 31. Qf4 Qxf4 32. Rxf4 Rxb7 33. bxc5 dxc5 34. Rc4 Rc7 35. Kf2 Kf8 36. Ke3 Ke7 37. Re4 Rc6 38. Kd3 Rxe6 39. Ra4 a6 40. Ra5 Rc6 41. Kc4 Kd6 42. a4 Rb6 43. Rxc5 Rb2 44. Rh5 Rxg2 45. Rxh6+ Kc7 46. Rg6 Kb7 47. Kb4 Re2 48. Rg7+ Kc6 49. Ka5 Re4 50. Rg6+ Kb7 51. Rb6+ Kc7 52. Rb4 Re6 53. Rd4 Rg6 54. Kb4 Kb6 55. Rc4 Re6 56. Kc3 Ka5 57. Kd4 Re1 58. Kd5 Kb6 59. Re4 Rf1 60. Ke5 Kc5 61. g5 Rg1 62. Kf6 1-0

[Event "Barcelona Tres Peons op"]
[Site "Barcelona"]
[Date "1999.??.??"]
[Round "2"]
[White "Burgos Garbin, Francesco"]
[Black "Mansilla Lou, Lluis"]
[Result "1/2-1/2"]
[WhiteElo "2185"]
[BlackElo "1965"]
[PlyCount "53"]
[EventDate "1999.??.??"]
[EventType "swiss"]
[EventRounds "9"]
[EventCountry "ESP"]
[SourceTitle "EXT 2000"]
[Source "ChessBase"]
[SourceDate "1999.11.16"]
[SourceVersion "1"]
[SourceVersionDate "1999.11.16"]
[SourceQuality "1"]

1. e4 e6 2. d4 d5 3. Nc3 Nf6 4. Bg5 Bb4 5. exd5 exd5 6. Bd3 c6 7. a3 Bd6 8. Nce2 Be6 9. Nf3 Nbd7 10. 0-0 0-0 11. Re1 Qc7 12. Ng3 Bf4 13. Bxf4 Qxf4 14. Qd2 Qxd2 15. Nxd2 Rfe8 16. h3 Nb6 17. b3 Bd7 18. Nf3 Rxe1+ 19. Rxe1 Re8 20. Rxe8+ Nxe8 21. Ne5 Be6 22. f4 f6 23. Nf3 Nd6 24. Kf2 Ndc8 25. f5 Bd7 26. Ke3 Ne7 27. Nh4 1/2-1/2

[Event "Barcelona Tres Peons op"]
[Site "Barcelona"]
[Date "1999.??.??"]
[Round "8"]
[White "Burgos Garbin, Francesco"]
[Black "Rivero Ojeda, Carmelo"]
[Result "0-1"]
[WhiteElo "2185"]
[BlackElo "2075"]
[PlyCount "52"]
[EventDate "1999.??.??"]
[EventType "swiss"]
[EventRounds "9"]
[EventCountry "ESP"]
[SourceTitle "EXT 2000"]
[Source "ChessBase"]
[SourceDate "1999.11.16"]
[SourceVersion "1"]
[SourceVersionDate "1999.11.16"]
[SourceQuality "1"]

1. e4 c5 2. Nc3 Nc6 3. f4 g6 4. Nf3 Bg7 5. Bb5 Nd4 6. Nxd4 cxd4 7. Ne2 a6 8. Bd3 e6 9. 0-0 d6 10. f5 d5 11. fxe6 Bxe6 12. Nf4 Ne7 13. Nxe6 fxe6 14. c3 Rf8 15. Rxf8+ Kxf8 16. Qg4 Qb6 17. Kh1 Kg8 18. cxd4 Qxd4 19. Qe2 Rf8 20. Qe3 Qf6 21. Rb1 dxe4 22. Bc4 Nd5 23. Qe1 b5 24. Be2 Qf2 25. Qd1 Nf4 26. Bf1 Bd4 0-1

[Event "Catalunya Club op"]
[Site "Spain"]
[Date "1999.??.??"]
[Round "?"]
[White "Burgos Garbin, Francesco"]
[Black "Vigo Allepuz, David"]
[Result "1/2-1/2"]
[WhiteElo "2185"]
[BlackElo "2080"]
[PlyCount "41"]
[EventDate "1999.??.??"]
[EventType "swiss"]
[EventRounds "9"]
[EventCountry "ESP"]
[SourceTitle "EXT 2000"]
[Source "ChessBase"]
[SourceDate "1999.11.16"]
[SourceVersion "1"]
[SourceVersionDate "1999.11.16"]
[SourceQuality "1"]

1. e4 d6 2. d4 Nf6 3. Nc3 g6 4. f4 Bg7 5. Nf3 c5 6. d5 a6 7. a4 Qa5 8. Bd2 Qb4 9. Bd3 c4 10. Bf1 Nbd7 11. Qe2 Qxb2 12. Ra2 Qb6 13. a5 Qd8 14. Qxc4 b5 15. axb6 Qxb6 16. Qc6 Qxc6 17. dxc6 Nb8 18. Nb5 0-0 19. Nc7 Ra7 20. Nb5 Ra8 21. Nc7 1/2-1/2

[Event "Catalunya Club op"]
[Site "Spain"]
[Date "1999.??.??"]
[Round "?"]
[White "Sanchez Mayor, Jose"]
[Black "Burgos Garbin, Francesco"]
[Result "1/2-1/2"]
[WhiteElo "2015"]
[BlackElo "2185"]
[PlyCount "43"]
[EventDate "1999.??.??"]
[EventType "swiss"]
[EventRounds "9"]
[EventCountry "ESP"]
[SourceTitle "EXT 2000"]
[Source "ChessBase"]
[SourceDate "1999.11.16"]
[SourceVersion "1"]
[SourceVersionDate "1999.11.16"]
[SourceQuality "1"]

1. d4 Nf6 2. Nf3 g6 3. e3 Bg7 4. Bd3 d6 5. 0-0 0-0 6. b3 e5 7. dxe5 Ng4 8. Bb2 Nc6 9. Qc1 Ngxe5 10. Nxe5 dxe5 11. Nd2 Re8 12. e4 Bh6 13. Qe1 Nb4 14. Nc4 Nxd3 15. cxd3 Bg7 16. f4 exf4 17. Bxg7 Kxg7 18. Qc3+ Qf6 19. Qxf6+ Kxf6 20. Rxf4+ Kg7 21. Raf1 Be6 22. d4 1/2-1/2

[Event "Barcelona Tres Peons op"]
[Site "Barcelona"]
[Date "1999.??.??"]
[Round "3"]
[White "Vallbona Domingo, Joan"]
[Black "Burgos Garbin, Francesco"]
[Result "1/2-1/2"]
[WhiteElo "2050"]
[BlackElo "2185"]
[PlyCount "78"]
[EventDate "1999.??.??"]
[EventType "swiss"]
[EventRounds "9"]
[EventCountry "ESP"]
[SourceTitle "EXT 2000"]
[Source "ChessBase"]
[SourceDate "1999.11.16"]
[SourceVersion "1"]
[SourceVersionDate "1999.11.16"]
[SourceQuality "1"]

1. c4 Nf6 2. Nc3 g6 3. g3 Bg7 4. Bg2 0-0 5. Nf3 d6 6. d4 Nc6 7. 0-0 a6 8. h3 Rb8 9. Bg5 h6 10. Be3 e5 11. Qc1 Kh7 12. Rd1 Bd7 13. dxe5 Nxe5 14. Nxe5 dxe5 15. Nd5 Nxd5 16. cxd5 Rc8 17. Rd2 Qf6 18. Rc2 c6 19. dxc6 Bxc6 20. Bxc6 Rxc6 21. Rxc6 bxc6 22. Qc4 e4 23. Rb1 Qf5 24. b3 Qb5 25. Rc1 Rd8 26. Rc2 Rd1+ 27. Kg2 Qa5 28. b4 Qa4 29. Qxe4 a5 30. Rxc6 axb4 31. Rc7 Qxa2 32. Qxb4 Qxe2 33. Rxf7 Qf1+ 34. Kf3 Qh1+ 35. Kg4 Qd5 36. Rxg7+ Kxg7 37. Qe7+ Qf7 38. Qxf7+ Kxf7 39. Bxh6 Rb1 1/2-1/2

[Event "Barcelona op-A"]
[Site "Barcelona"]
[Date "1998.??.??"]
[Round "2"]
[White "Burgos Garbin, Francesco"]
[Black "Martinez Talavera, Jordi"]
[Result "1-0"]
[WhiteElo "2150"]
[BlackElo "2060"]
[PlyCount "71"]
[EventDate "1998.??.??"]
[EventType "swiss"]
[EventRounds "8"]
[EventCountry "ESP"]
[SourceTitle "EXT 2019"]
[Source "ChessBase"]
[SourceDate "2018.10.10"]
[SourceVersion "1"]
[SourceVersionDate "2018.10.10"]
[SourceQuality "1"]

1. e4 e5 2. Nf3 Nc6 3. Bb5 Nf6 4. 0-0 Bc5 5. c3 0-0 6. d4 exd4 7. cxd4 Be7 8. d5 Nb4 9. a3 Na6 10. e5 Nxd5 11. Bxa6 Nb6 12. Bd3 d6 13. Qc2 h6 14. exd6 Bxd6 15. Bh7+ Kh8 16. Bf5 Qf6 17. Bxc8 Raxc8 18. Nc3 Rfe8 19. Nb5 a6 20. Nxd6 cxd6 21. Qd3 d5 22. Be3 Nc4 23. Bd4 Qd6 24. a4 Qb4 25. b3 Na5 26. Rab1 Nc6 27. Bb2 Qd6 28. Rbd1 Red8 29. Nd4 Nb4 30. Qd2 Nc6 31. Nf5 Qg6 32. Bxg7+ Kh7 33. Qxh6+ Qxh6 34. Bxh6 Kg6 35. g4 Ne5 36. Ne7+ 1-0

[Event "Barcelona op-A"]
[Site "Barcelona"]
[Date "1998.??.??"]
[Round "6"]
[White "Burgos Garbin, Francesco"]
[Black "Triquell Sanchez, Manel"]
[Result "1/2-1/2"]
[WhiteElo "2150"]
[BlackElo "2080"]
[PlyCount "44"]
[EventDate "1998.??.??"]
[EventType "swiss"]
[EventRounds "8"]
[EventCountry "ESP"]
[SourceTitle "EXT 2019"]
[Source "ChessBase"]
[SourceDate "2018.10.10"]
[SourceVersion "1"]
[SourceVersionDate "2018.10.10"]
[SourceQuality "1"]

1. e4 d5 2. exd5 Nf6 3. d4 Bg4 4. Nf3 Qxd5 5. Nc3 Qh5 6. Be2 Nc6 7. 0-0 0-0-0 8. h3 Bxf3 9. Bxf3 Qf5 10. Bxc6 bxc6 11. Qe2 Kb7 12. Be3 g5 13. Rad1 h5 14. Rd3 e6 15. Na4 h4 16. Rb3+ Kc8 17. Qa6+ Kd7 18. Rc3 Bd6 19. Qxc6+ Ke7 20. Qf3 Qg6 21. Nc5 g4 22. hxg4 Nd5 1/2-1/2

[Event "Foment Martinenc op"]
[Site "Barcelona"]
[Date "1998.??.??"]
[Round "?"]
[White "Fluvia Poyatos, Joan"]
[Black "Burgos Garbin, Francesco"]
[Result "1-0"]
[WhiteElo "2230"]
[BlackElo "2135"]
[PlyCount "83"]
[EventDate "1998.??.??"]
[EventType "swiss"]
[EventRounds "9"]
[EventCountry "ESP"]
[SourceTitle "EXT 2003"]
[Source "ChessBase"]
[SourceDate "2002.11.25"]
[SourceVersion "1"]
[SourceVersionDate "2002.11.25"]
[SourceQuality "1"]

1. e4 c5 2. Nf3 d6 3. d4 cxd4 4. Nxd4 Nf6 5. Nc3 g6 6. Be3 Bg7 7. Be2 0-0 8. Nb3 Nc6 9. 0-0 Be6 10. f4 Qc8 11. Qe1 Nb4 12. Rc1 Bc4 13. Bxc4 Qxc4 14. Nd2 Qc8 15. a3 Nc6 16. h3 Rd8 17. Nb3 d5 18. e5 Ne8 19. Rd1 Nc7 20. Ne2 f6 21. exf6 Bxf6 22. Bd4 Nxd4 23. Nexd4 e6 24. Qg3 Bxd4+ 25. Nxd4 Rf8 26. Rde1 Qd7 27. Re5 Kh8 28. Qb3 b6 29. g3 Rae8 30. Rfe1 Rf6 31. Kg2 Na6 32. Qxd5 exd5 33. Rxe8+ Kg7 34. R1e7+ Rf7 35. Rxd7 Rxd7 36. Kf3 Nc5 37. Ne6+ Nxe6 38. Rxe6 Kf7 39. Re5 a5 40. Ke3 Rc7 41. Kd3 Rc5 42. b4 1-0

[Event "Barcelona La Lira op"]
[Site "Barcelona"]
[Date "1995.??.??"]
[Round "4"]
[White "Burgos Garbin, Francesco"]
[Black "Perez Reclusa, Jesus Miguel"]
[Result "1-0"]
[WhiteElo "2135"]
[BlackElo "2055"]
[PlyCount "45"]
[EventDate "1995.04.??"]
[EventType "swiss"]
[EventRounds "9"]
[EventCountry "ESP"]
[SourceTitle "EXT 2003"]
[Source "ChessBase"]
[SourceDate "2002.11.25"]
[SourceVersion "1"]
[SourceVersionDate "2002.11.25"]
[SourceQuality "1"]

1. e4 c5 2. Nf3 d6 3. d4 cxd4 4. Qxd4 Nc6 5. Bb5 Bd7 6. Bxc6 Bxc6 7. Nc3 Nf6 8. Bg5 e6 9. 0-0-0 Be7 10. Rhe1 0-0 11. e5 dxe5 12. Qh4 Qc7 13. Nxe5 h6 14. Bxh6 gxh6 15. Qxh6 Nh7 16. f4 Rfd8 17. Re3 Rxd1+ 18. Kxd1 Bf8 19. Rg3+ Kh8 20. Qh5 Be8 21. Qg4 Nf6 22. Qg5 Qe7 23. Ne4 1-0

[Event "Barcelona La Lira op"]
[Site "Barcelona"]
[Date "1995.??.??"]
[Round "3"]
[White "Castillo Garcia, Elias"]
[Black "Burgos Garbin, Francesco"]
[Result "1/2-1/2"]
[WhiteElo "2000"]
[BlackElo "2135"]
[PlyCount "45"]
[EventDate "1995.04.??"]
[EventType "swiss"]
[EventRounds "9"]
[EventCountry "ESP"]
[SourceTitle "EXT 2003"]
[Source "ChessBase"]
[SourceDate "2002.11.25"]
[SourceVersion "1"]
[SourceVersionDate "2002.11.25"]
[SourceQuality "1"]

1. Nf3 Nf6 2. g3 g6 3. Bg2 Bg7 4. 0-0 0-0 5. d3 d6 6. e4 e5 7. Bg5 h6 8. Bd2 Be6 9. Qc1 Kh7 10. Nc3 Nc6 11. Rd1 Qd7 12. Ne1 Nd4 13. Be3 c5 14. f3 Rac8 15. Qd2 Rfd8 16. b3 b5 17. Ne2 d5 18. c3 Nxe2+ 19. Qxe2 d4 20. cxd4 cxd4 21. Bd2 Rc6 22. Rdc1 Rdc8 23. Qd1 1/2-1/2

[Event "Barcelona La Lira op"]
[Site "Barcelona"]
[Date "1995.??.??"]
[Round "8"]
[White "Villares Galiano, Jose Maria"]
[Black "Burgos Garbin, Francesco"]
[Result "1/2-1/2"]
[WhiteElo "2140"]
[BlackElo "2135"]
[PlyCount "40"]
[EventDate "1995.04.??"]
[EventType "swiss"]
[EventRounds "9"]
[EventCountry "ESP"]
[SourceTitle "EXT 2003"]
[Source "ChessBase"]
[SourceDate "2002.11.25"]
[SourceVersion "1"]
[SourceVersionDate "2002.11.25"]
[SourceQuality "1"]

1. e4 c5 2. Nf3 d6 3. d4 cxd4 4. Nxd4 Nf6 5. Nc3 g6 6. Be2 Bg7 7. Be3 Nc6 8. 0-0 0-0 9. Kh1 d5 10. exd5 Nxd5 11. Nxd5 Nxd4 12. Bxd4 Qxd5 13. Bxg7 Qxd1 14. Raxd1 Kxg7 15. Bf3 Be6 16. b3 Rac8 17. c4 b6 18. Rd2 Rfd8 19. Rfd1 Rxd2 20. Rxd2 Rc7 1/2-1/2

[Event "Foment Martinenc op"]
[Site "Barcelona"]
[Date "1994.??.??"]
[Round "?"]
[White "Burgos Garbin, Francesco"]
[Black "Bosch Porta, David"]
[Result "1/2-1/2"]
[WhiteElo "2135"]
[BlackElo "2165"]
[PlyCount "29"]
[EventDate "1994.??.??"]
[EventType "swiss"]
[EventRounds "9"]
[EventCountry "ESP"]
[SourceTitle "EXT 2003"]
[Source "ChessBase"]
[SourceDate "2002.11.25"]
[SourceVersion "1"]
[SourceVersionDate "2002.11.25"]
[SourceQuality "1"]

1. e4 Nc6 2. Bc4 e6 3. Nc3 Nf6 4. Nf3 d5 5. exd5 exd5 6. Bb5 Bd6 7. d4 0-0 8. 0-0 Bg4 9. Be2 h6 10. Nb5 Be7 11. h3 Bf5 12. Bf4 a6 13. Nc3 Ne4 14. Ne5 Bf6 15. Nxc6 1/2-1/2